| 000 | 01015nam a2200337 a 4500 | ||
|---|---|---|---|
| 999 |
_c7593 _d7593 |
||
| 001 | 7593 | ||
| 003 | BD-JhCC | ||
| 005 | 20180212094600.0 | ||
| 008 | 020607r19921971enk | |||1 ||eng|d | ||
| 020 | _a0198812701 | ||
| 029 | _aR9221 | ||
| 035 | _aCONN250458 | ||
| 035 | _a(BD-JhCC)7593 | ||
| 035 | _a898326 | ||
| 040 |
_aBD-JhCC _dBD-JhCC |
||
| 041 | _aeng | ||
| 082 |
_a940.28 _bTAY 1963 |
||
| 100 | 1 |
_aTaylor, A. J. P. _q(Alan John Percivale), _d1906-1990. |
|
| 245 | 1 | 4 |
_aThe struggle for mastery in Europe 1848-1918 / _cby A.J.P. Taylor. |
| 260 |
_aOxford : _bOxford University Press, _c1971 _g(1992 [printing]) |
||
| 300 |
_axxxvi,638p ; _c20cm. |
||
| 500 | _aFirst published: 1954. | ||
| 504 | _aIncludes Index and Bibliography | ||
| 650 | _aEurope | ||
| 651 | 0 |
_aEurope _xHistory _y1848-1871. |
|
| 651 | 0 |
_aEurope _xHistory _y1871-1918. |
|
| 651 | 0 |
_aEurope _xPolitics and government _y1848-1871. |
|
| 651 | 0 |
_aEurope _xPolitics and government _y1871-1918. |
|
| 942 |
_2ddc _cBK |
||